000 01213nam a22003014a 4500
001 ebr10170759
003 CaPaEBR
006 m u
007 cr cn|||||||||
008 050215s2005 ctua sb 001 0 eng
010 _z 2005043555
020 _z0300106661 (cloth : alk. paper)
040 _aCaPaEBR
_cCaPaEBR
035 _a(OCoLC)129781791
050 1 4 _aTX908
_b.C68 2005eb
082 0 4 _a647.9509
_222
100 1 _aCowan, Brian William,
_d1969-
245 1 4 _aThe social life of coffee
_h[electronic resource] :
_bthe emergence of the British coffeehouse /
_cBrian Cowan.
260 _aNew Haven [Conn.] :
_bYale University Press,
_cc2005.
300 _axii, 364 p. :
_bill.
504 _aIncludes bibliographical references (p. 265-354) and index.
533 _aElectronic reproduction.
_bPalo Alto, Calif. :
_cebrary,
_d2013.
_nAvailable via World Wide Web.
_nAccess may be limited to ebrary affiliated libraries.
650 0 _aCoffeehouses
_xHistory.
650 0 _aCoffee
_xHistory.
655 7 _aElectronic books.
_2local
710 2 _aebrary, Inc.
856 4 0 _uhttp://site.ebrary.com/lib/rucke/Doc?id=10170759
_zAn electronic book accessible through the World Wide Web; click to view
999 _c139529
_d139529